Les 20 préfectures les plus proches de Mont de Marsan - Statistiques

Statistiques générales
  • Ce quiz a été pris 109 fois
  • Le résultat moyen est 15 sur 20
Statistiques - réponses
distance (en km) ville préfecture % Correct
106 Bordeaux
99%
67 Pau
98%
159.64 Toulouse
98%
258 La Rochelle
91%
96 Agen
85%
87 Tarbes
85%
91 Auch
82%
257 Limoges
80%
160.05 Périgueux
77%
149 Montauban
76%
203 Angoulême
75%
212 Albi
74%
199 Foix
73%
236 Tulle
73%
251 Rodez
69%
167 Cahors
68%
242 Carcassonne
63%
261 Aurillac
61%
215 Guéret
58%
271 Niort
55%
Aucun quiz correspondant
Distribution des résultats
% des personnes avec chaque résultat
Percentile par nombre de réponses
Votre historique - résultats
Vous n’avez pas pris ce quiz